| 000 | 00505nam a2200193Ia 4500 | ||
|---|---|---|---|
| 005 | 20250326144849.0 | ||
| 008 | 250326s9999 xx 000 0 und d | ||
| 020 | _a1-89410-16-4 | ||
| 037 | _aTextbook | ||
| 040 |
_aFMSL _beng _cFMSL |
||
| 041 |
_aeng _2eng |
||
| 084 |
_aX:8y7 P6 _qFMSL |
||
| 100 | _aICFAI | ||
| 245 | 0 |
_aSales & distribution management _cICFAI |
|
| 260 |
_aHyderabad _bHyderabad, ICFAI _c2006 |
||
| 300 | _a270p | ||
| 942 |
_cTB _hX:8y7 P6 |
||
| 999 |
_c1305364 _d1305364 |
||